Missing Words: Magnificent Seven Actors Quiz Stats

 Plays Quiz Updated Aug 5, 2015

Challenge
Share
Tweet
Embed
Score 0/32 Timer 04:00
0 Plays Today
Hint Answer % Correct
Eli WallachUgly
97.1%
Yul BrynnerKing
96.7%
Eli WallachWest
94.9%
Charles BronsonDirty
94.7%
James CoburnSister
91.1%
Steve McQueenThomas
90.6%
Steve McQueenInferno
88.7%
Charles BronsonHouse
87.6%
James CoburnNutty
86.9%
Steve McQueenEscape
86.7%
Horst BuchholzThree
86.2%
Yul BrynnerCommandments
83.1%
James CoburnInc.
82.8%
Robert VaughnCaesar
81.5%
Horst BuchholzWhom
76.1%
Robert VaughnDust
75.4%
Hint Answer % Correct
Brad DexterSailor
74.4%
Horst BuchholzLife
70.9%
Yul BrynnerShadow
70.4%
Brad DexterJungle
70.4%
Charles BronsonWish
66.5%
Yul BrynnerSound
62.9%
Eli WallachGodfather
59.9%
Robert VaughnForce
54.2%
Brad DexterSilent
53.1%
Brad DexterExpress
50.3%
Eli WallachMillion
48.9%
James CoburnGarrett
39.5%
Charles BronsonKid
32.5%
Horst BuchholzHours
28.3%
Steve McQueenCincinnati
26.2%
Robert VaughnMagnificent
17.7%

Today's Daily Dose

Missing Word
Hayao Miyazaki

Word Ladder
Florida

On This Day
December 13th II

You're not logged in!

Compare scores with friends on all Sporcle quizzes.
OR
Log In

You Might Also Like...

Show Comments

Extras

Top Quizzes Today


Score Distribution

Your Account Isn't Verified!

In order to create a playlist on Sporcle, you need to verify the email address you used during registration. Go to your Sporcle Settings to finish the process.

Report this User

Report this user for behavior that violates our Community Guidelines.

Details: